<?xml version='1.0' encoding='UTF-8'?>
  <record xmlns="http://www.loc.gov/MARC21/slim">
    <leader>00000nem a2200000 i 4500</leader>
    <controlfield tag="001">ocn980451328</controlfield>
    <controlfield tag="003">OCoLC</controlfield>
    <controlfield tag="005">20250114151211.7</controlfield>
    <controlfield tag="008">050808s1719    ne        u     0   dut d</controlfield>
    <datafield tag="040" ind1=" " ind2=" ">
      <subfield code="a">QGJ</subfield>
      <subfield code="b">dut</subfield>
      <subfield code="c">QGJ</subfield>
      <subfield code="d">OCLCO</subfield>
      <subfield code="d">OCLCL</subfield>
      <subfield code="d">OCLCQ</subfield>
    </datafield>
    <datafield tag="035" ind1=" " ind2=" ">
      <subfield code="a">(OCoLC)980451328</subfield>
    </datafield>
    <datafield tag="084" ind1=" " ind2=" ">
      <subfield code="a">74.20</subfield>
      <subfield code="2">bcl</subfield>
    </datafield>
    <datafield tag="245" ind1="0" ind2="0">
      <subfield code="a">Caarte vande polder genaamd het Nieuwe Landt met zyne buyten landen ende gorssinge midsgaders Banck ende Zyp alle daar aan behoorende gelegen ontrent s Gravensande onder 't Sandt Ambaght ... /</subfield>
      <subfield code="c">uyt de caarte gemaakt by Mr Symon Fransen van Merwen gedat.t den laasten april anno [15]91 ... 't welk affirmere desen 13 july 1665. Was getekent Johannes Douw ; den 22 juny A° 1719 heb ik ondergeschreven landmeter ... gemaakt deze bovenstaande tekening zynde gecopieert, en in kleinder formaat gereduceert na de kaart van Jan Pietersze Douw .... ; voorts daar by gevoegt den inhoud der negen Zuyd en Noord Bonne en 't Cooyvelt, volgens opgevinge van ... Jacobus Beeltsnyder ... by my ... Maurits Walraven ; door Jacobus Keyser in 't koper gebragt.</subfield>
    </datafield>
    <datafield tag="255" ind1=" " ind2=" ">
      <subfield code="a">Schaal [ca. 1:17.000].</subfield>
    </datafield>
    <datafield tag="264" ind1=" " ind2="1">
      <subfield code="a">[Plaats van uitgave niet vastgesteld] :</subfield>
      <subfield code="b">[uitgever niet vastgesteld],</subfield>
      <subfield code="c">[1719]</subfield>
    </datafield>
    <datafield tag="300" ind1=" " ind2=" ">
      <subfield code="a">1 krt. :</subfield>
      <subfield code="b">kopergrav. ;</subfield>
      <subfield code="c">46 x 61 cm</subfield>
    </datafield>
    <datafield tag="336" ind1=" " ind2=" ">
      <subfield code="a">cartografische afbeelding</subfield>
      <subfield code="b">cri</subfield>
      <subfield code="2">rdacontent/dut</subfield>
    </datafield>
    <datafield tag="337" ind1=" " ind2=" ">
      <subfield code="a">zonder medium</subfield>
      <subfield code="b">n</subfield>
      <subfield code="2">rdamedia/dut</subfield>
    </datafield>
    <datafield tag="338" ind1=" " ind2=" ">
      <subfield code="a">vel</subfield>
      <subfield code="b">nb</subfield>
      <subfield code="2">rdacarrier/dut</subfield>
    </datafield>
    <datafield tag="500" ind1=" " ind2=" ">
      <subfield code="a">Met opgave van de grondbezitters en opgaven van hun bezit.</subfield>
    </datafield>
    <datafield tag="510" ind1="0" ind2=" ">
      <subfield code="a">Donkersloot-de Vrij (Topografische kaarten van Nederland vóór 1750), 234, afb. 33</subfield>
    </datafield>
    <datafield tag="651" ind1=" " ind2="7">
      <subfield code="a">Nieuwland (Zuid-Holland)</subfield>
      <subfield code="0">(NL-LeOCL)107875926.</subfield>
      <subfield code="2">gtt</subfield>
    </datafield>
    <datafield tag="655" ind1=" " ind2="7">
      <subfield code="a">Kaarten (vorm)</subfield>
      <subfield code="0">(NL-LeOCL)088143554.</subfield>
      <subfield code="2">gtt</subfield>
    </datafield>
    <datafield tag="700" ind1="1" ind2=" ">
      <subfield code="a">Merwen, Symon Fransen van,</subfield>
      <subfield code="d">??-1610.</subfield>
    </datafield>
    <datafield tag="700" ind1="1" ind2=" ">
      <subfield code="a">Dou, Jan Jansz.,</subfield>
      <subfield code="d">1615-1682.</subfield>
      <subfield code="1">https://id.oclc.org/worldcat/entity/E39PBJkhJQDDty6yhXX89KTbVC</subfield>
    </datafield>
    <datafield tag="700" ind1="1" ind2=" ">
      <subfield code="a">Beeltsnyder, Jacobus.</subfield>
    </datafield>
    <datafield tag="700" ind1="1" ind2=" ">
      <subfield code="a">Walraven, Maurits.</subfield>
    </datafield>
    <datafield tag="700" ind1="1" ind2=" ">
      <subfield code="a">Keyser, Jacobus.</subfield>
    </datafield>
    <datafield tag="936" ind1=" " ind2=" ">
      <subfield code="a">BATCHLOAD</subfield>
    </datafield>
  </record>